| 000 | 00678nam a2200217 u 4500 | ||
|---|---|---|---|
| 005 | 20220903164553.0 | ||
| 008 | 130613s2003 r 000 0 eng d | ||
| 020 | _a9684934106 | ||
| 035 | _aUPN01000191561 | ||
| 049 | _aCG | ||
| 050 | 4 |
_aPQ9698.16 O4.6 _bS4.2 |
|
| 100 | 1 |
_aFonseca, Rubem, _d1925- _932033 |
|
| 245 | 1 | 0 |
_aSecreciones, excreciones y desatinos / _cRubem Fonseca ; tr. Rodolfo Mata y Regina Crespo. |
| 260 |
_aMéxico : _bCal y Arena, _c2003. |
||
| 300 | _a143 p. | ||
| 534 |
_pTítulo original: _tSecrecoes, excrecoes e desatinos |
||
| 650 | 4 |
_aLITERATURA BRASILEÑA _95072 |
|
| 650 | 0 |
_aCuentos brasileños _912674 |
|
| 905 | _aLibro | ||
| 999 |
_c163664 _d163664 |
||